| 000 | 00614nam a2200205 a 4500 | ||
|---|---|---|---|
| 005 | 20251016063933.0 | ||
| 008 | 161025s2005 mx r 000 0 spa d | ||
| 035 | _aUPN01000214188 | ||
| 049 | _aF | ||
| 050 | 4 |
_aHC79 P6 _bP6.3 |
|
| 245 | 0 | 0 |
_aPobreza, salud sexual y reproductiva y derechos humanos / _ccoord. Margareth Arilha. |
| 260 |
_aNew York : _bUNFPA, _c2005. |
||
| 300 |
_a42 p. : _bcuadros, gráfs. |
||
| 650 | 2 |
_aPobreza _91196 |
|
| 650 | 4 |
_aSalud sexual _914899 |
|
| 650 | 4 |
_aSalud reproductiva _914900 |
|
| 650 | 4 |
_aDerechos humanos _95797 |
|
| 700 | 1 |
_aArilha, Margareth, _ecoord. |
|
| 905 | _aLibro | ||
| 999 |
_c186288 _d186288 |
||